000 00550nam a2200217Ia 4500
003 OSt
005 20260220155514.0
008 210210b1990 xxu||||| |||| 00| 0 eng d
020 _a0 05 002818 3
040 _cAL
041 _aEnglish
082 _a823.913 SHOV
100 _aMikhail Sholokhov
_9256167
245 _aVirgin soil upturned: a novel book two
260 _aMoscow
_bRaduga Publishers.,
_c1990
300 _a364
690 _aEnglish Fiction
_9256168
700 _aDaglish Robert Tr
_9256169
906 _a050839
942 _2ddc
_cBK
999 _c99584
_d99584